[Event "Sochi IPCA op"]
[Site "Sochi"]
[Date "2022.10.07"]
[Round "6"]
[White "Nikitskaya, Varvara"]
[Black "Tsapalin, Sergey"]
[Result "1/2-1/2"]
[WhiteElo "1304"]
[BlackElo "1997"]
[PlyCount "69"]
[EventDate "2022.10.03"]
[EventType "swiss"]
[EventRounds "7"]
[EventCountry "RUS"]
[SourceTitle "CBM 210 Extra"]
[Source "ChessBase"]
[SourceDate "2022.11.30"]
[SourceVersion "1"]
[SourceVersionDate "2022.11.30"]
[SourceQuality "1"]

1. e4 c5 2. Nf3 d6 3. d4 cxd4 4. Nxd4 Nf6 5. Nc3 a6 6. f3 e5 7. Nb3 Be7 8. Be3 Be6 9. Qd2 0-0 10. 0-0-0 Nbd7 11. g4 b5 12. Kb1 Nc5 13. Nd5 Bxd5 14. exd5 Nxb3 15. axb3 Nd7 16. g5 Qc7 17. h4 Rfb8 18. h5 Nf8 19. Bd3 b4 20. g6 Bf6 21. gxh7+ Kh8 22. Rdg1 a5 23. Bg5 Qe7 24. f4 a4 25. fxe5 Qxe5 26. Bxf6 Qxf6 27. Qg5 Qxg5 28. Rxg5 Nxh7 29. Bxh7 Kxh7 30. Rhg1 Rg8 31. bxa4 Rxa4 32. R5g4 Ra5 33. Rxb4 Rxd5 34. Rb7 Rf5 35. Rd7 1/2-1/2

[Event "IPCA Wch 20th"]
[Site "Torrevieja"]
[Date "2021.10.25"]
[Round "8"]
[White "Nikitskaya, Varvara"]
[Black "Pilimon, Zbigniew"]
[Result "1-0"]
[WhiteElo "1173"]
[BlackElo "1638"]
[PlyCount "37"]
[EventDate "2021.10.18"]
[EventType "swiss"]
[EventRounds "9"]
[EventCountry "ESP"]
[SourceTitle "EXT 2023"]
[Source "ChessBase"]
[SourceDate "2022.10.05"]
[SourceVersion "1"]
[SourceVersionDate "2022.10.05"]
[SourceQuality "1"]

1. e4 c5 2. Nf3 d6 3. d4 cxd4 4. Nxd4 Nf6 5. Nc3 a6 6. f3 Qc7 7. Be3 g6 8. Qd2 b5 9. g4 e5 10. Nb3 Be6 11. 0-0-0 Nbd7 12. Qf2 Rc8 13. Kb1 Nc5 14. h4 Nxb3 15. cxb3 Bxg4 16. Bg5 Bxf3 17. Qxf3 Nd7 18. Bh3 Be7 19. Bxe7 1-0

[Event "IPCA Wch 20th"]
[Site "Torrevieja"]
[Date "2021.10.21"]
[Round "4"]
[White "Nikitskaya, Varvara"]
[Black "Kimsanboyev, Axadxon"]
[Result "1/2-1/2"]
[WhiteElo "1173"]
[BlackElo "1636"]
[PlyCount "76"]
[EventDate "2021.10.18"]
[EventType "swiss"]
[EventRounds "9"]
[EventCountry "ESP"]
[SourceTitle "EXT 2023"]
[Source "ChessBase"]
[SourceDate "2022.10.05"]
[SourceVersion "1"]
[SourceVersionDate "2022.10.05"]
[SourceQuality "1"]

1. e4 c5 2. Nf3 Nc6 3. d4 cxd4 4. Nxd4 Nf6 5. Nc3 e5 6. Ndb5 d6 7. a4 a6 8. Na3 Be7 9. Bg5 Be6 10. Bxf6 Bxf6 11. Bc4 0-0 12. Nd5 Bg5 13. 0-0 Ne7 14. c3 Nxd5 15. Bxd5 Bxd5 16. Qxd5 Qc7 17. Nc2 Qb6 18. Rab1 Rac8 19. a5 Qc7 20. Nb4 Qe7 21. Qd2 Qe6 22. Nd5 Kh8 23. b4 f5 24. Qe2 fxe4 25. Qxe4 Rc6 26. Rbd1 Qh6 27. Rd3 g6 28. Rfd1 Qg7 29. c4 Qf7 30. Rf3 Qg8 31. Rxf8 Qxf8 32. Nb6 Bd8 33. b5 axb5 34. cxb5 Rc7 35. g3 Rf7 36. Nc4 Rxf2 37. Nxd6 Bxa5 38. Qxe5+ Qf6 1/2-1/2

[Event "Online Olym Disabilities"]
[Site "Tornelo INT"]
[Date "2020.11.26"]
[Round "6.10"]
[White "Szewczyk, Malwina"]
[Black "Nikitskaya, Varvara"]
[Result "1-0"]
[WhiteElo "1418"]
[BlackElo "1173"]
[PlyCount "71"]
[EventDate "2020.11.21"]
[EventType "team-swiss (rapid)"]
[EventRounds "7"]
[EventCountry "NET"]
[SourceTitle "CBM 199 Extra"]
[Source "ChessBase"]
[SourceDate "2021.01.31"]
[SourceVersion "1"]
[SourceVersionDate "2021.01.31"]
[SourceQuality "1"]
[WhiteTeam "Poland III"]
[BlackTeam "Russia III"]
[WhiteTeamCountry "POL"]
[BlackTeamCountry "RUS"]

1. e4 c5 2. d4 cxd4 3. c3 e5 4. Nf3 Nc6 5. cxd4 exd4 6. Nxd4 Nf6 7. Nc3 Bb4 8. Bd3 Nxd4 9. e5 Nd5 10. Bd2 Bxc3 11. bxc3 Ne6 12. 0-0 0-0 13. Qg4 d6 14. Qe4 g6 15. Qxd5 dxe5 16. c4 Nc7 17. Qf3 f5 18. Qe2 e4 19. Bc2 Ne6 20. Bc3 Nc5 21. Bb4 b6 22. Rad1 Qc7 23. Qe3 Be6 24. Rd4 a5 25. Ba3 Rfd8 26. Rfd1 Rab8 27. Bb2 Rd7 28. Rxd7 Bxd7 29. Qd4 Kf7 30. Qf6+ Ke8 31. Be5 Qd8 32. Qh8+ Kf7 33. Qg7+ Ke8 34. Bxb8 Qxb8 35. Qg8+ Ke7 36. Qxb8 1-0

[Event "Online Olym Disabilities"]
[Site "Tornelo INT"]
[Date "2020.11.23"]
[Round "3.2"]
[White "Nikitskaya, Varvara"]
[Black "Vuljanic, Ana"]
[Result "0-1"]
[WhiteElo "1173"]
[BlackElo "1581"]
[PlyCount "98"]
[EventDate "2020.11.21"]
[EventType "team-swiss (rapid)"]
[EventRounds "7"]
[EventCountry "NET"]
[SourceTitle "CBM 199 Extra"]
[Source "ChessBase"]
[SourceDate "2021.01.31"]
[SourceVersion "1"]
[SourceVersionDate "2021.01.31"]
[SourceQuality "1"]
[WhiteTeam "Russia III"]
[BlackTeam "Croatia"]
[WhiteTeamCountry "RUS"]
[BlackTeamCountry "CRO"]

1. d4 Nf6 2. c4 c5 3. d5 b5 4. cxb5 a6 5. bxa6 g6 6. Nc3 Bxa6 7. Nf3 Bg7 8. g3 d6 9. e4 0-0 10. Be2 Qb6 11. 0-0 Nbd7 12. Be3 Qxb2 13. Qc1 Qxc1 14. Rfxc1 Bxe2 15. Nxe2 Nxe4 16. Rab1 Rfb8 17. Kf1 Ne5 18. Nxe5 Bxe5 19. f3 Rxb1 20. Rxb1 Nc3 21. Nxc3 Bxc3 22. Rb7 Kf8 23. Rb3 Bb4 24. Rb2 Ke8 25. Bd2 Bxd2 26. Rxd2 Kd7 27. Ke2 Ra3 28. f4 Kc7 29. Rb2 Ra6 30. Kd3 Rb6 31. Re2 Kd7 32. Kc3 Rb4 33. a3 Rb1 34. Ra2 e6 35. dxe6+ fxe6 36. a4 d5 37. a5 Rb8 38. a6 Kc6 39. a7 Ra8 40. Ra6+ Kd7 41. Ra5 Kc6 42. Ra6+ Kb5 43. Rxe6 Rxa7 44. Re5 Ra3+ 45. Kb2 Rf3 46. Rxd5 Rf2+ 47. Kc3 Rxh2 48. Rg5 Rh3 49. Kd3 Kb4 0-1

[Event "Online Olym Div2 B"]
[Site "Chess.com INT"]
[Date "2020.08.15"]
[Round "4.6"]
[White "Mayrhuber, Nikola"]
[Black "Nikitskaya, Varvara"]
[Result "1-0"]
[WhiteElo "2024"]
[BlackElo "1138"]
[PlyCount "71"]
[EventDate "2020.08.14"]
[EventType "team-tourn (rapid)"]
[EventRounds "9"]
[EventCountry "USA"]
[SourceTitle "CBM 198"]
[Source "ChessBase"]
[SourceDate "2020.10.31"]
[SourceVersion "1"]
[SourceVersionDate "2020.10.31"]
[SourceQuality "1"]
[WhiteTeam "Austria"]
[BlackTeam "IPCA"]
[WhiteTeamCountry "AUT"]

1. d4 Nf6 2. Nf3 e6 3. g3 g6 4. Bg2 Bg7 5. 0-0 0-0 6. c4 d6 7. Nc3 c5 8. d5 exd5 9. cxd5 a6 10. a4 Re8 11. Bf4 Qe7 12. Nd2 Nh5 13. e4 Nxf4 14. gxf4 f5 15. Re1 Qf8 16. Qf3 Ra7 17. Nc4 Nd7 18. exf5 Rxe1+ 19. Rxe1 gxf5 20. a5 Nf6 21. Nb6 Bd7 22. Qe3 Bb5 23. Qe7 Qxe7 24. Rxe7 Bf8 25. Re6 Nd7 26. Nxb5 axb5 27. Nxd7 Rxa5 28. Nxf8 Kxf8 29. Rxd6 Ra1+ 30. Bf1 Ke7 31. Rb6 b4 32. Kg2 Rb1 33. d6+ Kd7 34. Bb5+ Kd8 35. Rxb7 Rd1 36. Rb8# 1-0